MESTSKÁ KNIŽNICA GIRALTOVCE  - online katalóg 

1871 (Record no. 23002)

000 -NÁVESTIE
fixed length control field 02432cam a2200637 a 4500
001 - EVIDENČNÉ ČÍSLO ZÁZNAMU - Kontrolné číslo
control field vtls011566109
005 - DÁTUM A ČAS POSLEDNEJ TRANSAKCIE
control field 20211109091717.0
008 - ÚDAJE S PEVNOU DĹŽKOU – VŠEOBECNÉ INFORMÁCIE
fixed length control field 171215s2016 xo hoabg 000 0 slo
020 ## - MEDZINÁRODNÉ ŠTANDARDNÉ ČÍSLO KNIHY (ISBN)
Medzinárodné štandardné číslo knihy (ISBN) 9788097232085 (viaz.)
035 ## - Iný štandardný identifikátor
Iný štandardný identifikátor 07FAF3EB-104B-483E-BEE8-C4DED5AA1988
035 ## - Iný štandardný identifikátor
Iný štandardný identifikátor urn:nbn:sk:snk-amtgzy
035 ## - Iný štandardný identifikátor
Iný štandardný identifikátor urn:nbn:sk:snk-am00bxhd
035 ## - Iný štandardný identifikátor
Iný štandardný identifikátor C898CFD7-65A5-45BF-ADD1-CFDB83E0EEF1
035 ## - Iný štandardný identifikátor
Iný štandardný identifikátor urn:nbn:sk:snk-am00bxhe
040 ## - ZDROJ KATALOGIZÁCIE
Pôvodná katalogizujúca agentúra SVKBB
Jazyk katalogizácie slo
Prepisujúca agentúra SVKBB
Modifikujúca agentúra SNK
Konvencie popisu AACR2
041 0# - KÓD JAZYKA
Kód jazyka textu/zvukovej stopy alebo samostatných nápisov slo
044 ## - KÓD KRAJINY VYDAVATEĽA/PRODUCENTA
Kód krajiny MARC xo
Kód krajiny ISO SK
072 #7 - KÓD PREDMETOVEJ KATEGÓRIE
Kód predmetovej kategórie 329
Pododdiel kódu predmetovej kategórie Politické strany a hnutia
Zdroj konspekt
072 #7 - KÓD PREDMETOVEJ KATEGÓRIE
Kód predmetovej kategórie 94(437.6)
Pododdiel kódu predmetovej kategórie Dejiny Slovenskej republiky
Zdroj konspekt
080 ## - ČÍSLO MEDZINÁRODNÉHO DESATINNÉHO TRIEDENIA (MDT)
Číslo Medzinárodného desatinného triedenia (MDT) 32
Identifikátor vydania 2011
080 ## - ČÍSLO MEDZINÁRODNÉHO DESATINNÉHO TRIEDENIA (MDT)
Číslo Medzinárodného desatinného triedenia (MDT) 94(4)"1848/1849"
Identifikátor vydania 2011
080 ## - ČÍSLO MEDZINÁRODNÉHO DESATINNÉHO TRIEDENIA (MDT)
Číslo Medzinárodného desatinného triedenia (MDT) 329.1/.6
Identifikátor vydania 2011
080 ## - ČÍSLO MEDZINÁRODNÉHO DESATINNÉHO TRIEDENIA (MDT)
Číslo Medzinárodného desatinného triedenia (MDT) 929
Identifikátor vydania 2011
080 ## - ČÍSLO MEDZINÁRODNÉHO DESATINNÉHO TRIEDENIA (MDT)
Číslo Medzinárodného desatinného triedenia (MDT) 94(437.6)
Identifikátor vydania 2011
080 ## - ČÍSLO MEDZINÁRODNÉHO DESATINNÉHO TRIEDENIA (MDT)
Číslo Medzinárodného desatinného triedenia (MDT) (048.8)
Identifikátor vydania 2011
080 ## - ČÍSLO MEDZINÁRODNÉHO DESATINNÉHO TRIEDENIA (MDT)
Číslo Medzinárodného desatinného triedenia (MDT) 328/329
Identifikátor vydania 2011
080 ## - ČÍSLO MEDZINÁRODNÉHO DESATINNÉHO TRIEDENIA (MDT)
Číslo Medzinárodného desatinného triedenia (MDT) (082.2)
Identifikátor vydania 2011
100 1# - OSOBNÉ MENÁ – VŠEOBECNÉ INFORMÁCIE
Osobné meno Pecník, Marcel,
Dátumy súvisiace s menom 1983-
Kód roly aut
-- com
-- 2312
245 10 - NÁZOV
Názov 1871
Zvyšok názvu začiatky slovenskej politiky a vznik Slovenskej národnej strany
Údaj o zodpovednosti atď. Marcel Pecník a kolektív
246 3# - INÁ FORMA NÁZVU
Hlavný názov/skrátený názov Tisícosemstosedemdesiatjeden
246 30 - INÁ FORMA NÁZVU
Hlavný názov/skrátený názov Začiatky slovenskej politiky a vznik Slovenskej národnej strany
260 ## - VYDAVATEĽSKÉ ÚDAJE, DISTRIBÚCIA ATĎ.
Miesto publikovania, distribúcie atď. [Bratislava]
Názov vydavateľa, distibútora atď. Slovenská národná strana
Dátum publikovania, distribúcie atď. 2016
300 ## - FYZICKÝ POPIS
Rozsah 87 s.
Ďalšie fyzické detaily faks., fotogr., ilustr., mp.
Rozmery 30 cm
Sprievodný materiál 17 l.
500 ## - VŠEOBECNÁ POZNÁMKA
Formátovaná poznámka o obsahu Vydané pri príležitosti 145. výročia vzniku Slovenskej národnej strany
500 ## - VŠEOBECNÁ POZNÁMKA
Formátovaná poznámka o obsahu Miesto vyd. podľa ISBN
610 27 - PRIDANÝ VSTUP – PREDMET – KORPORATÍVNE MENO
Korporatívne meno alebo meno jurisdikcie ako vstupný prvok Slovenská národná strana
Zdroj hesla alebo termínu SNKKA
-- 2313
648 #7 - PRIDANÝ VSTUP – PREDMET – CHRONOLOGICKÝ TERMÍN
Chronologický termín 1848-1871
Zdroj hesla alebo termínu SNKPH
-- 2314
650 07 - PRIDANÝ VSTUP – PREDMET – TEMATICKÉ HESLO
Tematické heslo alebo geografický názov ako vstupný prvok politika
Zdroj hesla alebo termínu SNKPH
-- 2186
650 07 - PRIDANÝ VSTUP – PREDMET – TEMATICKÉ HESLO
Tematické heslo alebo geografický názov ako vstupný prvok Policy
Zdroj hesla alebo termínu SNKPHeng
-- 2315
650 07 - PRIDANÝ VSTUP – PREDMET – TEMATICKÉ HESLO
Tematické heslo alebo geografický názov ako vstupný prvok politické strany
Všeobecný pododdiel dejiny
Zdroj hesla alebo termínu SNKPH
-- 2316
650 07 - PRIDANÝ VSTUP – PREDMET – TEMATICKÉ HESLO
Tematické heslo alebo geografický názov ako vstupný prvok Celebrities
Zdroj hesla alebo termínu SNKPHeng
-- 2317
650 07 - PRIDANÝ VSTUP – PREDMET – TEMATICKÉ HESLO
Tematické heslo alebo geografický názov ako vstupný prvok Political parties
Všeobecný pododdiel history
Zdroj hesla alebo termínu SNKPHeng
-- 2318
650 07 - PRIDANÝ VSTUP – PREDMET – TEMATICKÉ HESLO
Tematické heslo alebo geografický názov ako vstupný prvok osobnosti
Zdroj hesla alebo termínu SNKPH
-- 2319
650 07 - PRIDANÝ VSTUP – PREDMET – TEMATICKÉ HESLO
Tematické heslo alebo geografický názov ako vstupný prvok revolúcia (1848-1849)
Zdroj hesla alebo termínu SNKPH
-- 2320
650 07 - PRIDANÝ VSTUP – PREDMET – TEMATICKÉ HESLO
Tematické heslo alebo geografický názov ako vstupný prvok Revolution (1848-1849)
Zdroj hesla alebo termínu SNKPHeng
-- 2321
651 #7 - PRIDANÝ VSTUP – PREDMET – GEOGRAFICKÝ NÁZOV
Geografický názov Slovensko
Všeobecný pododdiel politika a vláda
Zdroj hesla alebo termínu SNKPH
-- 1976
651 #7 - PRIDANÝ VSTUP – PREDMET – GEOGRAFICKÝ NÁZOV
Geografický názov Slovakia
Všeobecný pododdiel politics and government
Zdroj hesla alebo termínu SNKPHeng
-- 1977
651 #7 - PRIDANÝ VSTUP – PREDMET – GEOGRAFICKÝ NÁZOV
Geografický názov Slovensko
Všeobecný pododdiel dejiny
Zdroj hesla alebo termínu SNKPH
-- 1981
651 #7 - PRIDANÝ VSTUP – PREDMET – GEOGRAFICKÝ NÁZOV
Geografický názov Slovakia
Všeobecný pododdiel history
Zdroj hesla alebo termínu SNKPHeng
-- 2322
655 #7 - INDEXAČNÝ TERMÍN – ŽÁNER/FORMA
Údaje o žánri/forme alebo termín, ktorý je prvok fazety monografie
Zdroj termínu SNKPH
-- 1661
655 #7 - INDEXAČNÝ TERMÍN – ŽÁNER/FORMA
Údaje o žánri/forme alebo termín, ktorý je prvok fazety Monographs
Zdroj termínu SNKPHeng
-- 1662
655 #7 - INDEXAČNÝ TERMÍN – ŽÁNER/FORMA
Údaje o žánri/forme alebo termín, ktorý je prvok fazety jubilejné publikácie
Zdroj termínu SNKPH
-- 2323
655 #7 - INDEXAČNÝ TERMÍN – ŽÁNER/FORMA
Údaje o žánri/forme alebo termín, ktorý je prvok fazety Jubilee books
Zdroj termínu SNKPHeng
-- 2324
700 1# - PRIDANÝ VSTUP – OSOBNÉ MENO
Osobné meno Dobrová, Veronika
Kód roly aut
-- 2325
Holdings
Stav stiahnutia (Blokovanie) (Withrawn status) Stav straty Zdroj klasifikácie pre skladovanie Stav poškodenia (Damaged status) Nie pre výpožičky (Not for loan) Spôsob nadobudnutia (Collection code) Trvalé umiestnenie Aktuálne umiestnenie Dátum nadobudnutia Inventárne číslo (prírastkové číslo) Full call number Čiarový kód Dátum posledného výskytu Cena s účinnosťou od Typ jednotky Koha
          Dar Mestská knižnica Giraltovce Mestská knižnica Giraltovce 2021-11-09 21353 S1495 S1495 2021-11-09 2021-11-09 Odborná literatúra pre dospelých

Powered by Koha